000 00754nam a22002177a 4500
005 20150505161549.0
008 140714b xxu||||| |||| 00| 0 Urdu d
010 _aUR-8848
020 _c1295.00
_a9788179760239
035 _aU-7403
037 _bBPPD/Pub/Ven
040 _aDPL
_bUrdu
082 _a841
100 _aعبد الخا لق طا ہر ی
245 _aمخز ن علم و عر فا ن کلا م شيخ ا لعا لم
_cعبد الخا لق طا ہر ی
246 _aMakhzan-e-Ilm wa Irfan: Kalam Sheikh-ul-Aalam
_bbyAbdul Khaliqe Tahiri
260 _bCity Book Center
_c2011
_aKashmir
270 _aBudh Shah Chowk,
_bSri Nagar
_k2470158
_e -
300 _a400ص
_c22Cm (Hb)
942 _2ddc
_cUR
_e
_h841
_mع ب د
999 _c93327
_d93327